000 005440000a22001690004500
090 _aAR
_b03994
245 1 0 _aSobre diversidad biológica
_suna presentación, dos conferencias y un apéndice
500 _a<Charlas sobre biodiversidad del Dr. Halffter>
650 1 4 _aTeoria ecológica
_995169
650 1 4 _aTeoría de sistemas
_997258
650 1 4 _aEconomía
_993484
650 1 4 _aDesarrollo sostenible
_9278
041 0 _aEspañol
100 1 _aHalffter, Gonzalo
_910302
942 _cARTICULO
773 1 _tBoletín de la S.E.A
_h33
_q1-17
_d2003
999 _c13028
_d13028